| 000 | nam a22 7a 4500 | ||
|---|---|---|---|
| 999 |
_c30219 _d30219 |
||
| 008 | 190503b xxu||||| |||| 00| 0 eng d | ||
| 020 | _a9789966007322 | ||
| 050 | _aGE 140 .A4 2016. | ||
| 100 | _aAfubwa,Samuel Obura. | ||
| 245 |
_aEnvironmental Health and Occupational Health and Safety / _cSamuel Obura Afubwa. |
||
| 260 |
_aNairobi,Kenya: _bAcrodile Publishing Limited, _c2016. |
||
| 300 |
_a455p. : _bill. ; _c25cm. |
||
| 500 | _ainclude index. | ||
| 650 | _aEnvironmental health. | ||
| 650 | _aOccupational health. | ||
| 650 | _aSafety. | ||
| 700 | _aMwanthi,Mutuku Alexander. | ||
| 942 |
_2lcc _cAFRICANA _hGE 140 .A4 2016. |
||